<?xml version="1.0" encoding="UTF-8"?>
<collection xmlns:xsi="http://www.w3.org/2001/XMLSchema-instance" xsi:schemaLocation="http://www.loc.gov/MARC21/slim http://www.loc.gov/standards/marcxml/schema/MARC21slim.xsd" xmlns="http://www.loc.gov/MARC21/slim">
 <record>
  <leader>00000cmm a22000004a 4500</leader>
  <controlfield tag="001">UP-99796217611190498</controlfield>
  <controlfield tag="003">Buklod</controlfield>
  <controlfield tag="005">20140416090328.0</controlfield>
  <controlfield tag="006">m    go  j        </controlfield>
  <controlfield tag="007">cr cn |||aaaaa</controlfield>
  <controlfield tag="008">101013s2011    xx         u |      eng d</controlfield>
  <datafield tag="020" ind1=" " ind2=" ">
   <subfield code="a">9789048192892 (eBook)</subfield>
  </datafield>
  <datafield tag="020" ind1=" " ind2=" ">
   <subfield code="a">9048192897 (eBook)</subfield>
  </datafield>
  <datafield tag="035" ind1=" " ind2=" ">
   <subfield code="a">(iLib)UPD-00214607308</subfield>
  </datafield>
  <datafield tag="040" ind1=" " ind2=" ">
   <subfield code="a">DLC</subfield>
   <subfield code="d">DML</subfield>
  </datafield>
  <datafield tag="041" ind1="0" ind2=" ">
   <subfield code="a">eng</subfield>
  </datafield>
  <datafield tag="042" ind1=" " ind2=" ">
   <subfield code="a">DMLUC</subfield>
  </datafield>
  <datafield tag="100" ind1="1" ind2=" ">
   <subfield code="a">James, Noel P.</subfield>
  </datafield>
  <datafield tag="245" ind1="1" ind2="0">
   <subfield code="a">Neritic carbonate sediments in a temperate realm</subfield>
   <subfield code="h">[electronic resource]</subfield>
   <subfield code="b">Southern Australia</subfield>
   <subfield code="c">by Noel P. James, Yvonne Bone.</subfield>
  </datafield>
  <datafield tag="264" ind1=" " ind2="1">
   <subfield code="a">Dordrecht</subfield>
   <subfield code="b">Springer Netherlands</subfield>
   <subfield code="c">2011.</subfield>
  </datafield>
  <datafield tag="300" ind1=" " ind2=" ">
   <subfield code="a">1 online resource (xiv, 254 p.)</subfield>
   <subfield code="b">ill.</subfield>
  </datafield>
  <datafield tag="505" ind1="0" ind2=" ">
   <subfield code="a">Preface -- 1 Introduction  -- 2 Setting -- 3 The Pleistocene Record -- 4 The Neritic Carbonate Factory -- 5 Marginal Marine Deposystems -- 6 Neritic Sedimentary Facies  -- 7 Neritic Depositional Environments -- 8 The Southwestern Shelf  -- 9 The South Australian Sea  -- 10 The Southeastern Continental Margin -- 11 Diagenesis -- 12 Summary &amp; Synthesis -- References -- Appendices -- Subject Index.</subfield>
  </datafield>
  <datafield tag="506" ind1=" " ind2=" ">
   <subfield code="a">IP-based subscription, access limited to within on-campus computer network.</subfield>
   <subfield code="c">Access via Electronic Resources of the UPD University Library Website.</subfield>
  </datafield>
  <datafield tag="520" ind1=" " ind2=" ">
   <subfield code="a">This book is the first comprehensive documentation and interpretation of modern neritic carbonate sediments on the southern Australian continental margin, the largest cool-water carbonate depositional system on the globe. The approach is classical but the information is new.  A brief chapter of introduction is followed by a section that describes the setting of the continental margin in terms of the regional geology, its evolution through time, the climate, and the complex oceanography. The setting is further explored in chapter 3 that outlines the Pleistocene history of sedimentation in this region. This is particularly important since many of the surficial sediments have a partial older history. The following section on the carbonate factory describes in detail the nature of the animals and plants that determine the nature of the sediments and the environmental conditions that control their distribution. The shelf itself cannot be discussed in isolation and thus a short chapter on the marginal marine environment is presented. The core of the book comprises two chapters that document the suite of depositional facies and their composition and then the suite of depositional environments where these sediments are found. The variety of deposits in this vast area is such that three chapters are devoted to the character of the materials on the southwestern shelf the south Australian sea and the southeastern shelf. The diagenesis that affects these sediments is tackled in a chapter after all the attributes are documented because they are intimately linked to different controls. The book finishes with a summary chapter that also addresses the various controls on sedimentation and models the effects to be expected when these are changed outside those present in the current realm.  Audience: The book is an invaluable source of information about this vast region and will be a critical reference for researchers, graduate students, and professionals engaged in marine and environmental research. It will be of particular importance for geologists interpreting the ancient rock record.</subfield>
  </datafield>
  <datafield tag="533" ind1=" " ind2=" ">
   <subfield code="a">Electronic reproduction.</subfield>
   <subfield code="b">New York</subfield>
   <subfield code="c">SpringerLink</subfield>
   <subfield code="d">2011.</subfield>
   <subfield code="n">Available via World Wide Web through SpringerLink.</subfield>
  </datafield>
  <datafield tag="650" ind1=" " ind2="0">
   <subfield code="a">Marine sediments</subfield>
   <subfield code="z">Indian Ocean.</subfield>
  </datafield>
  <datafield tag="650" ind1=" " ind2="0">
   <subfield code="a">Continental margins</subfield>
   <subfield code="z">Australia.</subfield>
  </datafield>
  <datafield tag="650" ind1=" " ind2="0">
   <subfield code="a">Carbonate rocks</subfield>
   <subfield code="z">Indian Ocean.</subfield>
  </datafield>
  <datafield tag="650" ind1=" " ind2="0">
   <subfield code="a">Geology, Stratigraphic</subfield>
   <subfield code="y">Pleistocene.</subfield>
  </datafield>
  <datafield tag="650" ind1=" " ind2="0">
   <subfield code="a">Facies (Geology)</subfield>
   <subfield code="z">Indian Ocean.</subfield>
  </datafield>
  <datafield tag="650" ind1=" " ind2="0">
   <subfield code="a">Electronic books.</subfield>
  </datafield>
  <datafield tag="700" ind1="1" ind2=" ">
   <subfield code="a">Bone, Yvonne.</subfield>
  </datafield>
  <datafield tag="710" ind1="2" ind2=" ">
   <subfield code="a">SpringerLink (Online service).</subfield>
  </datafield>
  <datafield tag="856" ind1="4" ind2="0">
   <subfield code="y">Available for University of the Philippines Diliman via SpringerLink. Click here to access</subfield>
   <subfield code="u">http://link.springer.com/book/10.1007/978-90-481-9289-2</subfield>
  </datafield>
  <datafield tag="905" ind1=" " ind2=" ">
   <subfield code="a">FO</subfield>
  </datafield>
  <datafield tag="950" ind1=" " ind2=" ">
   <subfield code="a">Monograph</subfield>
  </datafield>
  <datafield tag="852" ind1="0" ind2=" ">
   <subfield code="a">UPD</subfield>
   <subfield code="b">DMLR</subfield>
  </datafield>
  <datafield tag="942" ind1=" " ind2=" ">
   <subfield code="a">Electronic Resource</subfield>
  </datafield>
 </record>
</collection>
